000 00650nam a22002057a 4500
005 20100818141140.0
010 _aENG-100875
020 _c130.00
035 _aEN-84408
037 _bDBAD/PUB
082 _a920
100 _aBanerjee, Brojalal
_914766
245 _aLife, a journey to eternity /
_cby Brojalal Banerjee
260 _aKolkata
_bAruna Prakashan
_c2009
270 _a2, Kalids Singha Lane
_bKolkata
_e700009
300 _a81p.
_c19cm (Hb)
650 _aAutobiography
_914767
942 _2ddc
_cEN
_h920
_mBAN
999 _c42415
_d42415